000 005870000a22002170004500
020 _a84-301-0518-2
041 0 _aSPA
082 0 4 _aG 261.835 T843y
100 1 _aTrobisch, Walter (-1979)
245 1 0 _aYo me casé contigo / Walter Trobisch ; Luis Martín, Traductor
250 _a9
260 _aSalamanca, España : Sígueme
300 _a178 Pag
440 0 _aCol. Pedal; No 7
500 _aTítulo original : I married you
001 7003
942 _cBK
999 _c37243
_d37243
336 _atexto
_btxt
_2rdacontent
337 _2rdamedia
_asin mediación
_bn
338 _2rdacarrier
_avolumen
_bnc